| 000 | 01118pab a2200217 454500 | ||
|---|---|---|---|
| 008 | 180718b2007 xxu||||| |||| 00| 0 eng d | ||
| 100 | _aMurugan, C. Siva | ||
| 245 | _aAn approach to the 11th five year plan - agriculture to get top priority | ||
| 260 | _c2007 | ||
| 300 | _ap.32-35. | ||
| 362 | _aApr | ||
| 520 | _aA second grteen revolution is urgently needed to raise the growth rate of agricultural GDP at around 4 per cent. This is not an easy task since actual growth of agricultural GDP, including forestry and fishing, was only 1 per cent per annum in the first three years of 10th Plan and even the most rosy projections for 2005-06 to 2006-07 would limit this below 2 per cent for the full five year period. The challenge posed is to at least double the rate of agricultural growth. This calls for action on both the demand side and the supply side. - Reproduced. | ||
| 650 | _aEleventh Five Year Plan | ||
| 650 | _aAgriculture - India | ||
| 650 | _aEconomic planning - India | ||
| 650 | _aEconomic planning | ||
| 700 | _aAnbumani, V. | ||
| 773 | _aKurukshetra | ||
| 908 | _aN | ||
| 909 | _a73719 | ||
| 999 |
_c73719 _d73719 |
||